Česká republika Czech Republic = Tschechische Republik

Jazyk: Němčina
Čeština
Angličtina
Vydáno: Praha : Kartografie Praha, 2010
Témata:
Fyzický popis: 1 mapa : barev. ; 29 x 41 cm
Language note: Český, anglický a německý text
Mapy
Uloženo v:
LEADER 01247nem a2200373 a 4500
001 nkc20102131452
003 CZ PrNK
005 20150701071228.0
007 aj canzn
008 101214s2010 xr z a 0 cze
015 |a cnb002131452 
020 |a 978-80-7393-157-5  |q (v mapě neuvedeno :  |q volný list) 
034 1 |a a  |b 1200000 
040 |a ABA001  |b cze 
041 0 |a cze  |a eng  |a ger 
043 |a e-xr--- 
072 7 |a 913(437)  |x Geografie Česka a Slovenska, reálie, cestování  |2 Konspekt  |9 7 
080 |a 656.1  |2 MRF 
080 |a 913(437.3)  |2 MRF 
080 |a 912.43:656.1  |2 MRF 
080 |a (084.3)  |2 MRF 
245 0 0 |a Česká republika  |h [kartografický dokument] =  |b Czech Republic = Tschechische Republik 
246 3 1 |a Czech Republic 
246 3 1 |a Tschechische Republik 
255 |a Měřítko 1:1 200 000 
260 |a Praha :  |b Kartografie Praha,  |c 2010 
300 |a 1 mapa :  |b barev. ;  |c 29 x 41 cm 
500 |a Na rubu doplňková mapka centra Prahy 1:15 000, vzdálenostní diagram a užitečné informace 
546 |a Český, anglický a německý text 
650 0 7 |a silniční doprava  |7 ph116143  |z Česko  |2 czenas 
655 7 |a automapy  |7 fd131856  |2 czenas 
910 2 |a BOA001  |b Mpa-1350.131 
990 |a MP 
995 |a 01